<?xml version="1.0" encoding="UTF-8"?>
<record
    xmlns:xsi="http://www.w3.org/2001/XMLSchema-instance"
    xsi:schemaLocation="http://www.loc.gov/MARC21/slim http://www.loc.gov/standards/marcxml/schema/MARC21slim.xsd"
    xmlns="http://www.loc.gov/MARC21/slim">

  <leader>00705nam a2200205Ia 4500</leader>
  <controlfield tag="008">200824s9999||||xx |||||||||||||| ||und||</controlfield>
  <datafield tag="020" ind1=" " ind2=" ">
    <subfield code="a">9579695598</subfield>
  </datafield>
  <datafield tag="020" ind1=" " ind2=" ">
    <subfield code="a">9789579695596 </subfield>
  </datafield>
  <datafield tag="041" ind1=" " ind2=" ">
    <subfield code="a">chi</subfield>
  </datafield>
  <datafield tag="050" ind1=" " ind2=" ">
    <subfield code="a">BR1285  </subfield>
    <subfield code="b">.C45 1988</subfield>
  </datafield>
  <datafield tag="245" ind1=" " ind2="0">
    <subfield code="a">&#x7406;&#x5FF5;&#x8207;&#x7B26;&#x865F;: </subfield>
    <subfield code="b">&#x57FA;&#x7763;&#x6559;&#x8207;&#x73FE;&#x4EE3;&#x4E2D;&#x570B;&#x5B78;&#x8853;&#x784F;&#x8A0E;&#x6703;&#x8AD6;&#x6587;&#x96C6; /</subfield>
    <subfield code="c">&#x6797;&#x6CBB;&#x5E73; </subfield>
  </datafield>
  <datafield tag="246" ind1=" " ind2=" ">
    <subfield code="a">&#x7406;&#x5FF5;&#x4E0E;&#x7B26;&#x53F7;:</subfield>
    <subfield code="b">&#x57FA;&#x7763;&#x6559;&#x4E0E;&#x73B0;&#x4EE3;&#x4E2D;&#x56FD;&#x5B66;&#x672F;&#x784F;&#x8BA8;&#x4F1A;&#x8BBA;&#x6587;&#x96C6;/</subfield>
  </datafield>
  <datafield tag="260" ind1=" " ind2=" ">
    <subfield code="a">&#x81FA;&#x5317;: </subfield>
    <subfield code="b">&#x8CA1;&#x5718;&#x6CD5;&#x4EBA;&#x57FA;&#x7763;&#x6559;&#x5B87;&#x5B99;&#x5149;&#x50B3;&#x64AD;&#x4E2D;&#x5FC3;&#x51FA;&#x7248;&#x793E;</subfield>
    <subfield code="c">1988</subfield>
  </datafield>
  <datafield tag="300" ind1=" " ind2=" ">
    <subfield code="a">[5], 354 p.</subfield>
    <subfield code="b">&#xFF1B;</subfield>
    <subfield code="c">21 cm.</subfield>
  </datafield>
  <datafield tag="650" ind1=" " ind2=" ">
    <subfield code="a">Christianity China Congresses.</subfield>
  </datafield>
  <datafield tag="650" ind1=" " ind2=" ">
    <subfield code="a">Missions China History.</subfield>
  </datafield>
  <datafield tag="650" ind1=" " ind2=" ">
    <subfield code="a">Morrison, Robert, 1782-1834.</subfield>
  </datafield>
  <datafield tag="700" ind1=" " ind2=" ">
    <subfield code="a">&#x6797;&#x6CBB;&#x5E73;</subfield>
  </datafield>
  <datafield tag="952" ind1=" " ind2=" ">
    <subfield code="0">0</subfield>
    <subfield code="1">0</subfield>
    <subfield code="4">0</subfield>
    <subfield code="7">0</subfield>
    <subfield code="a">GETS</subfield>
    <subfield code="b">GETS</subfield>
    <subfield code="c">GEN</subfield>
    <subfield code="d">2020-08-24</subfield>
    <subfield code="l">0</subfield>
    <subfield code="o">BR1285 .C45 1988</subfield>
    <subfield code="p">00005655</subfield>
    <subfield code="r">2020-08-24 00:00:00</subfield>
    <subfield code="w">2020-08-24</subfield>
    <subfield code="y">CB</subfield>
  </datafield>
  <datafield tag="999" ind1=" " ind2=" ">
    <subfield code="c">17430</subfield>
    <subfield code="d">17430</subfield>
  </datafield>
</record>
